Score 0/84 Timer 10:00
10 Plays Today
% Correct
T - A person, object, or place selected as the aim of an attack.
100%
Go
99.8%
Test
99.8%
A - A semiaquatic snake of the boa family
96.2%
M - A period of a thousand years.
96.2%
Target
96.2%
Target
96.2%
X - American corporation dealing in print and digital document products.
93.2%
K - An acquired or natural skill at doing something.
92.1%
I - Most likely nationality of a person who comes from Baghdad.
91.5%
Xerox
88.8%
Xerox
88.8%
W - A glass filled opening in a wall, to allow light into a structure.
88.7%
N - A square piece of cloth/paper used at a meal to wipe fingers or lips and to protect garments.
88.1%
Anaconda
88.1%
Anaconda
88.1%
B - An explosive device designed to detonate on impact or at a given time.
88%
Millennium
88%
Millennium
88%
H - A stylized picture of an object
representing a word, syllable, or sound.
87.8%
P - A mechanical device using suction or pressure to raise or
move liquids, compress gases, or force air into inflatable objects.
87.8%
Window
87.8%
Window
87.8%
F - Incapable of going wrong or being misused.
87.8%
Iraqi
87.6%
Iraqi
87.6%
Y - 1965 US hit song by the Beatles about the
previous 24hrs from midnight to midnight.
87.1%
Bomb
87.1%
% Correct
Bomb
87.1%
E - To be of a high price or cost.
87%
U - Local name for the Australian landmark Ayers Rock.
86.6%
Napkin
86.6%
Napkin
86.6%
S - Sign of the Zodiac represented by a creature that is half horse, half man, shooting an arrow.
85.4%
G - Popular tradition celebrated in Canada and US on February 2nd, _____ Day.
85.4%
Expensive
85.4%
Expensive
85.4%
R - A large natural or artificial lake used as a source of water supply.
84.5%
Yesterday
83.9%
Yesterday
83.9%
L - To be harmful or destructive enough to cause death.
83.8%
C - Affecting only the appearance of something rather than its substance.
83.5%
Pump
83.4%
Pump
83.4%
O - Culinary herb from the mint family.
82.3%
Sagittarius
81.9%
Sagittarius
81.9%
Reservoir
81.7%
Reservoir
81.7%
Groundhog
81.4%
Groundhog
81.4%
Lethal
80.8%
Lethal
80.8%
D - To copy a file, data or application from one computer system to another, typically over the Internet.
80%
Knack
79.7%
Knack
79.7%
% Correct
Oregano
79.2%
Oregano
79.2%
Uluru
79%
Uluru
79%
Foolproof
76.1%
Foolproof
76.1%
Cosmetic
74.2%
Cosmetic
74.2%
Hieroglyph
74.1%
Hieroglyph
74.1%
Download
72.3%
Download
72.3%
Download
72.3%
Download
72.3%
Download
72.3%
Download
72.3%
Download
72.3%
Download
72.3%
Download
72.3%
Download
72.3%
Download
72.3%
Download
72.3%
Download
72.3%
Download
72.3%
Download
72.3%
Download
72.3%
Download
72.3%
Download
72.3%

You're not logged in!

Compare scores with friends on all Sporcle quizzes.
OR
Log In

Sporcle TV

Today on Sporcle TV


Watch our educational content, quiz creation guides, and fun videos on Sporcle TV.

Show Comments

Extras

Top Quizzes Today


Score Distribution

Paid Content

Your Account Isn't Verified!

In order to create a playlist on Sporcle, you need to verify the email address you used during registration. Go to your Sporcle Settings to finish the process.

Report this User

Report this user for behavior that violates our Community Guidelines.

Details: